000 00764nam a2200253Ia 4500
003 OSt
005 20220923212554.0
006 a|||||r|||| 00| 0
007 ta
008 220922b |||||||| |||| 00| 0 hin d
024 _a154,143
037 _cTextual
040 _aARTS
_cARTS
_bhin
041 _2hin
_ahin
082 _aO152vJ, L6
100 _aराजे, सुमन
245 0 _aसाहित्योतिहास आदिकाल
246 _aSāhityotihās ādikāla
260 _aकानपुर
_b गं्रथम
_c1976
300 _a640 पृ.
_ccm.
650 _aहिन्दी साहित्य
_9156264
942 _hO152vJ, L6
_cTEXL
_2CC
999 _c309771
_d309771